选出中国的国家历史文化名城(扫雷) - Statistics

General Stats
  • This quiz has been taken 326 times
    318 since last reset
  • The average score is 10 of 77
Answers on the Grid
Answers color-coded by a green-red scale on the quiz's grid according to % correct below.
北京
上海
天津
重庆
哈尔滨
齐齐哈尔
长春
吉林
集安
沈阳
辽阳
承德
正定
蔚县
聊城
曲阜
烟台
济南
大同
平遥
新绛
呼和浩特
银川
榆林
延安
西安
洛阳
郑州
安阳
天水
敦煌
同仁
吐鲁番
喀什
伊宁
拉萨
江孜
成都
泸州
都江堰
会理
遵义
镇远
昆明
建水
丽江
会泽
柳州
北海
海口
雷州
广州
惠州
潮州
福州
泉州
莆田
南昌
景德镇
瑞金
长沙
永州
凤凰
武汉
荆州
襄阳
安庆
亳州
绩溪
杭州
温州
临海
龙泉
苏州
扬州
南通
徐州
厦门
兰溪
江阴
连云港
舟山
宣城
菏泽
兖州
邢台
宣化
应县
运城
登封
新郑
吉安
衡阳
鄂州
凤翔
酒泉
和田
西宁
兰州
昌都
曲靖
瑞丽
西昌
眉山
贵阳
南宁
梧州
湛江
顺德
澳门
香港
多伦
朝阳
大连
农安
黑河
哈密
平潭
黄山
湘潭
 
Answer Stats
Answer % Correct
西安
41%
北京
36%
杭州
34%
洛阳
33%
武汉
33%
苏州
31%
成都
30%
扬州
30%
郑州
28%
大同
27%
广州
27%
曲阜
25%
泉州
25%
重庆
23%
敦煌
23%
长沙
23%
沈阳
22%
济南
22%
徐州
22%
襄阳
20%
平遥
19%
拉萨
19%
荆州
19%
上海
17%
哈尔滨
17%
天津
16%
长春
16%
承德
16%
延安
16%
丽江
16%
景德镇
16%
都江堰
14%
安阳
13%
昆明
13%
福州
13%
南昌
13%
瑞金
13%
天水
11%
喀什
11%
呼和浩特
9%
温州
9%
齐齐哈尔
8%
榆林
8%
吐鲁番
8%
遵义
8%
柳州
8%
永州
8%
安庆
8%
辽阳
6%
正定
6%
泸州
6%
潮州
6%
亳州
6%
银川
5%
建水
5%
海口
5%
惠州
5%
吉林
3%
集安
3%
聊城
3%
烟台
3%
新绛
3%
江孜
3%
会理
3%
北海
3%
雷州
3%
凤凰
3%
临海
3%
南通
3%
蔚县
2%
同仁
2%
伊宁
2%
镇远
2%
会泽
2%
莆田
2%
绩溪
2%
龙泉
2%
No matching quizzes found
Score Distribution
Percent of People with Each Score
Percentile by Number Answered
Your Score History
You have not taken this quiz since the last reset